000 00334nam a2200133Ia 4500
008 240624s9999 xx 000 0 und d
041 _aeng
082 _a370.19 SUL
100 _aSULLIVAN ERIN E
245 _aSTUDY ABROAD FOR DUMMIES
260 _c2008
_aNew Delhi
_bWiley India
300 _axx, : 336 : p. : cm. ; 23
365 _b20
999 _c16160
_d16160